header

Design for liberty (Record no. 223983)

MARC details
000 -LEADER
fixed length control field 01910nam a2200385 a 4500
082 04 - DEWEY DECIMAL CLASSIFICATION NUMBER
Classification number 340/.11
100 1# - MAIN ENTRY--AUTHOR NAME
Personal name Epstein, Richard A.
245 10 - TITLE STATEMENT
Title Design for liberty
260 ## - PUBLICATION, DISTRIBUTION, ETC. (IMPRINT)
Place of publication Cambridge, Mass. :
Name of publisher Harvard University Press,
Year of publication 2011.
300 ## - PHYSICAL DESCRIPTION
Number of Pages x, 233 p.
505 0# - FORMATTED CONTENTS NOTE
Formatted contents note The traditional conception of the rule of law -- Reasonableness standards and the rule of law -- Where natural law and utilitarianism converge -- Where natural law and utilitarianism diverge -- Property rights in the grand social scheme -- The bundle of rights -- Eminent domain -- Liberty interests -- Positive sum projects -- Redistribution last -- The rule of law diminished -- Retroactivity -- Modern applications: financial reform and health care -- Final reflections.
650 #0 - SUBJECT ADDED ENTRY--TOPICAL TERM
Topical Term Liberty.
Topical Term Rule of law.
Topical Term Natural law.
Topical Term Right of property
Topical Term Rule of law
Topical Term Law
856 40 - ELECTRONIC LOCATION AND ACCESS
Uniform Resource Identifier http://site.ebrary.com/lib/rucke/Doc?id=10518210

No items available.

© 2026 Rongo University
Contact us: librarian | system librarian | Rongo university